• 首页
  • 本馆介绍
  • 公告通知
  • 最新文献
  • 馆藏检索
  • 电子资源
  • 读者导购
  • 参考咨询
  • 我的图书馆
  • 登录
  • 详细信息显示
  • 放入我的书架
  • 预约/预借图书
  • 作者相关作品
  • 分类相关作品
  • 丛书相关作品
  • 出版社相关作品

书目信息

  • 表格格式
  • 工作单格式
  • 卡片格式
书名: Elements of physical chemistry
作者: J.WILLIAM MONCRIEF.
分册号:
分册名:
出版地:
 
出版社:
出版时间:
页数: 450 p. ;
开本: 20cm.
丛书名:
中图分类号:
科图分类号:
其他分类号: O64:H31
主题词:
电子资源:
000 00314nam 2200121 a 4500
001 E0755317095
005 20070301152244.01
008 070301s 00010 eng
040    @aPFT@beng
090    @aO64:H31
099    @dO64:H31@ex41
245    @aElements of physical chemistry / @cJ.WILLIAM MONCRIEF.
300    @a450 p. ;@c20cm.
    
    Elements of physical chemistry / / J.WILLIAM MONCRIEF.
    450 p. ; ; 20cm.
    
    
    ISBN
    
●
相关链接 在E读中查询图书 在五车中查询图书 在当当中查询图书 在豆瓣中查询图书


正题名:Elements of physical chemistry     索取号:O64:H31/x41         预约/预借

序号 登录号 条形码 馆藏地/架位号 状态 备注
1 0000145   300001450   第四借阅区/ [索取号:O64:H31/x41] 在馆    
2 48936   000635735   第四借阅区/ [索取号:O64:H31/x41] 在馆    
唐山师范学院图书馆 欢迎您!
大连网信软件有限公司© 版权所有